000 01311nam a2200361 a 4500
001 000109230
003 CHAP
005 20220329144042.0
008 140410s2013 mx sm |||||||spa d
010 _a105692
011 _a106664
040 _cCHAP
090 _aTesis
100 1 _aBenigno Cruz, Paulino
_9126393
245 1 0 _aRendimiento potencial de 36 genotipos de higerilla (Ricinus communis L.), en Chapingo, México
_h[En línea]
_cpor Paulino Benigno Cruz.
260 _aChapingo, Méx. :
_bEl autor,
_c2013.
500 _aPara ver el contenido del material haga clic en la liga
502 _aTesis (Ing. Agr. Esp. en Fitotecnia) -- UACH. Departamento de Fitotecnia
590 _aBATCH-UPD
_b05
_c20141002
_lUCH01
_h0900
590 _aBATCH
_b00
_c20181121
_lUCH01
_h0759
590 _aE6096MTM
_b05
_c20140410
_lUCH01
_h1349
590 _aE6096MTM
_b05
_c20140410
_lUCH01
_h1350
650 1 4 _aHiguerilla
_xEfecto del medio ambiente.
_955366
650 1 4 _aHiguerilla
_xMejoramiento genético.
_9125298
650 1 4 _aHiguerilla
_xRendimiento.
_955369
650 1 4 _aHiguerilla
_xVariedades.
_955370
650 1 4 _aRecursos vegetales.
_995337
856 _a1
_n0000909
856 _aFinding aid
_uhttp://10.13.5.2/tesis/sist109230.pdf
_zTeclea aquí
901 _aBK
942 _cTESIS
942 _n0
999 _c105692
_d105692